[Event "Sombor Milicevic Memorial"]
[Site "Sombor"]
[Date "2018.10.15"]
[Round "1"]
[White "Kolompar, Ivan"]
[Black "Djurosev, Djordje"]
[Result "1-0"]
[WhiteElo "2021"]
[BlackElo "1586"]
[PlyCount "32"]
[EventDate "2018.10.15"]
[EventType "swiss"]
[EventRounds "9"]
[EventCountry "SRB"]
[SourceTitle "EXT 2021"]
[Source "ChessBase"]
[SourceDate "2020.10.23"]
[SourceVersion "1"]
[SourceVersionDate "2020.10.23"]
[SourceQuality "1"]

1. e4 c6 2. d4 d5 3. e5 Bf5 4. h4 h6 5. g4 Bh7 6. e6 fxe6 7. Bd3 Nf6 8. g5 Bxd3 9. cxd3 hxg5 10. Bxg5 Kd7 11. Qe2 Qe8 12. Nd2 Qh5 13. Ngf3 Kc8 14. Qxe6+ Nbd7 15. Ne5 Qe8 16. Nf7 Rh6 1-0